[Event "DEM U12 2021"]
[Site "Willingen GER"]
[Date "2021.08.29"]
[Round "9"]
[White "Wunderlich, Elias"]
[Black "Malinowsky, Levi"]
[Result "1/2-1/2"]
[Termination "normal"]
[Board "7"]
[WhiteElo "1657"]
[BlackElo "1593"]
[WhiteClock "00:25:30"]
[BlackClock "00:57:27"]
[PlyCount "176"]
[WhiteFideId "34608087"]
[BlackFideId "16253094"]
[EventCountry "GER"]
[EventRounds "9"]
[EventType "swiss"]
[EventDate "2021.08.22"]

1. e4 {[%clk 01:30:59]} {[%emt 00:00:01]} c5 {[%clk 01:30:53]} {[%emt
00:00:07]} 2. c3 {[%clk 01:31:24]} {[%emt 00:00:05]} d5 {[%clk 01:31:05]}
{[%emt 00:00:18]} 3. exd5 {[%clk 01:31:46]} {[%emt 00:00:08]} Qxd5 {[%clk
01:31:31]} {[%emt 00:00:05]} 4. d4 {[%clk 01:32:09]} {[%emt 00:00:06]} Nc6
{[%clk 01:31:54]} {[%emt 00:00:07]} 5. dxc5 {[%clk 01:32:23]} {[%emt 00:00:16]}
Qxd1+ {[%clk 01:30:57]} {[%emt 00:01:27]} 6. Kxd1 {[%clk 01:32:47]} {[%emt
00:00:07]} Bg4+ {[%clk 01:31:07]} {[%emt 00:00:19]} 7. f3 {[%clk 01:30:40]}
{[%emt 00:02:37]} O-O-O+ {[%clk 01:30:42]} {[%emt 00:00:55]} 8. Bd2 {[%clk
01:30:24]} {[%emt 00:00:46]} Bf5 {[%clk 01:30:30]} {[%emt 00:00:41]} 9. Ne2
{[%clk 01:29:03]} {[%emt 00:01:52]} e5 {[%clk 01:29:57]} {[%emt 00:01:03]} 10.
b4 {[%clk 01:29:06]} {[%emt 00:00:27]} Nf6 {[%clk 01:28:03]} {[%emt 00:02:23]}
11. Ng3 {[%clk 01:28:45]} {[%emt 00:00:52]} Bg6 {[%clk 01:27:13]} {[%emt
00:01:20]} 12. Bb5 {[%clk 01:28:21]} {[%emt 00:00:55]} e4 {[%clk 01:24:12]}
{[%emt 00:03:30]} 13. Re1 {[%clk 01:25:52]} {[%emt 00:02:59]} exf3 {[%clk
01:21:58]} {[%emt 00:02:43]} 14. gxf3 {[%clk 01:26:16]} {[%emt 00:00:23]} Nd5
{[%clk 01:18:57]} {[%emt 00:03:15]} 15. Kc1 {[%clk 01:24:48]} {[%emt 00:01:58]}
h5 {[%clk 01:14:53]} {[%emt 00:04:34]} 16. Bxc6 {[%clk 01:22:31]} {[%emt
00:02:47]} bxc6 {[%clk 01:14:49]} {[%emt 00:00:33]} 17. c4 {[%clk 01:20:32]}
{[%emt 00:02:30]} Nc7 {[%clk 01:14:42]} {[%emt 00:00:35]} 18. Ne4 {[%clk
01:19:11]} {[%emt 00:01:53]} Ne6 {[%clk 01:12:24]} {[%emt 00:02:48]} 19. Be3
{[%clk 01:11:42]} {[%emt 00:08:00]} Be7 {[%clk 01:08:53]} {[%emt 00:03:59]} 20.
Nbd2 {[%clk 01:09:12]} {[%emt 00:03:00]} Rd3 {[%clk 01:07:09]} {[%emt
00:02:14]} 21. Kd1 {[%clk 00:48:49]} {[%emt 00:20:55]} Bxe4 {[%clk 01:01:26]}
{[%emt 00:06:13]} 22. fxe4 {[%clk 00:48:44]} {[%emt 00:00:34]} Rhd8 {[%clk
01:01:27]} {[%emt 00:00:28]} 23. Kc2 {[%clk 00:40:43]} {[%emt 00:08:31]} Bf6
{[%clk 00:59:41]} {[%emt 00:02:17]} 24. Rad1 {[%clk 00:33:01]} {[%emt
00:08:12]} Rc3+ {[%clk 00:55:55]} {[%emt 00:04:15]} 25. Kb1 {[%clk 00:33:03]}
{[%emt 00:00:28]} Rdd3 {[%clk 00:54:49]} {[%emt 00:01:37]} 26. Bf2 {[%clk
00:26:44]} {[%emt 00:06:50]} Be5 {[%clk 00:51:22]} {[%emt 00:03:56]} 27. Bg3
{[%clk 00:24:25]} {[%emt 00:02:49]} Bxg3 {[%clk 00:50:49]} {[%emt 00:01:03]}
28. hxg3 {[%clk 00:24:54]} Rxg3 {[%clk 00:50:37]} {[%emt 00:00:41]} 29. Rh1
{[%clk 00:25:01]} {[%emt 00:00:24]} Nf4 {[%clk 00:50:06]} {[%emt 00:01:01]} 30.
e5 {[%clk 00:23:01]} {[%emt 00:02:30]} Rh3 {[%clk 00:47:13]} {[%emt 00:03:23]}
31. Rhg1 {[%clk 00:22:52]} {[%emt 00:00:38]} Rcg3 {[%clk 00:46:39]} {[%emt
00:01:04]} 32. Rgf1 {[%clk 00:22:49]} {[%emt 00:00:33]} Ng6 {[%clk 00:41:01]}
{[%emt 00:20:02]} 33. Rxf7 {[%clk 00:21:27]} Nxe5 {[%clk 00:41:15]} 34. Re7
{[%clk 00:21:35]} Re3 {[%clk 00:36:31]} 35. Rxg7 {[%clk 00:20:26]} Re2 {[%clk
00:35:34]} 36. Rf1 {[%clk 00:12:59]} {[%emt 00:04:53]} Rxd2 {[%clk 00:33:59]}
{[%emt 00:02:05]} 37. Rxa7 {[%clk 00:12:34]} {[%emt 00:00:55]} Nd7 {[%clk
00:33:11]} {[%emt 00:01:17]} 38. Ra8+ {[%clk 00:11:45]} {[%emt 00:01:20]} Kb7
{[%clk 00:33:24]} {[%emt 00:00:17]} 39. Rd8 {[%clk 00:11:17]} {[%emt 00:00:59]}
Rhh2 {[%clk 00:32:46]} {[%emt 00:01:07]} 40. a3 {[%clk 00:10:55]} {[%emt
00:00:52]} Ne5 {[%clk 00:32:24]} {[%emt 00:00:52]} 41. Rxd2 {[%clk 00:10:32]}
Rxd2 {[%clk 00:32:46]} {[%emt 00:01:01]} 42. Rh1 {[%clk 00:10:52]} {[%emt
00:00:11]} Nxc4 {[%clk 00:32:47]} {[%emt 00:00:28]} 43. Rxh5 {[%clk 00:10:55]}
{[%emt 00:00:27]} Nxa3+ {[%clk 00:33:01]} {[%emt 00:00:16]} 44. Kc1 {[%clk
00:08:54]} {[%emt 00:02:32]} Rd4 {[%clk 00:32:20]} {[%emt 00:01:10]} 45. Rh3
{[%clk 00:09:06]} {[%emt 00:00:18]} Nc4 {[%clk 00:32:12]} {[%emt 00:00:38]} 46.
Rh6 {[%clk 00:00:48]} {[%emt 00:08:48]} Ne5 {[%clk 00:32:04]} {[%emt 00:00:38]}
47. b5 {[%clk 00:00:58]} {[%emt 00:00:21]} Rc4+ {[%clk 00:31:57]} {[%emt
00:00:36]} 48. Kd1 {[%clk 00:00:34]} {[%emt 00:00:54]} cxb5 {[%clk 00:30:55]}
{[%emt 00:01:33]} 49. Rb6+ {[%clk 00:00:57]} {[%emt 00:00:06]} Kc7 {[%clk
00:31:11]} {[%emt 00:00:14]} 50. Rxb5 {[%clk 00:01:15]} {[%emt 00:00:12]} Kc6
{[%clk 00:30:47]} {[%emt 00:00:54]} 51. Ra5 {[%clk 00:01:11]} {[%emt 00:00:33]}
Nd7 {[%clk 00:31:00]} {[%emt 00:00:17]} 52. Ke2 {[%clk 00:01:00]} {[%emt
00:00:41]} Nxc5 {[%emt 00:01:43]} 53. Ra8 {[%clk 00:29:56]} Kd5 {[%clk
01:01:10]} {[%emt 00:00:41]} 54. Rd8+ {[%clk 00:28:37]} {[%emt 00:01:49]} Ke4
{[%clk 01:01:19]} {[%emt 00:00:21]} 55. Re8+ {[%clk 00:28:50]} {[%emt
00:00:17]} Kd4 {[%clk 01:01:29]} {[%emt 00:00:20]} 56. Rd8+ {[%clk 00:29:01]}
{[%emt 00:00:19]} Kc3 {[%clk 01:01:51]} {[%emt 00:00:08]} 57. Ke3 {[%clk
00:28:52]} {[%emt 00:00:39]} Re4 {[%clk 01:01:51]} {[%emt 00:00:30]} 58. Kf3
{[%clk 00:28:49]} {[%emt 00:00:33]} Re7 {[%clk 01:02:04]} {[%emt 00:00:16]} 59.
Rd6 {[%clk 00:28:11]} {[%emt 00:01:07]} Ne4 {[%clk 01:01:29]} {[%emt 00:01:08]}
60. Rd8 {[%clk 00:28:10]} {[%emt 00:00:30]} Nf6 {[%clk 01:00:40]} {[%emt
00:01:19]} 61. Rd6 {[%clk 00:27:44]} {[%emt 00:00:56]} Nd7 {[%clk 00:59:25]}
{[%emt 00:01:46]} 62. Kf4 {[%clk 00:27:46]} {[%emt 00:00:28]} Nc5 {[%clk
00:58:58]} {[%emt 00:00:57]} 63. Kf5 {[%clk 00:27:34]} {[%emt 00:00:42]} Re1
{[%clk 00:58:59]} {[%emt 00:00:27]} 64. Kf4 {[%clk 00:27:34]} {[%emt 00:00:31]}
Kc4 {[%clk 00:59:03]} {[%emt 00:00:26]} 65. Kf5 {[%clk 00:27:01]} {[%emt
00:01:03]} Rf1+ {[%clk 00:58:23]} {[%emt 00:01:10]} 66. Ke5 {[%clk 00:27:01]}
{[%emt 00:00:30]} Rf8 {[%clk 00:57:34]} {[%emt 00:01:18]} 67. Rd4+ {[%clk
00:26:57]} {[%emt 00:00:36]} Kc3 {[%clk 00:57:38]} {[%emt 00:00:26]} 68. Rd5
{[%clk 00:27:08]} {[%emt 00:00:19]} Nd3+ {[%clk 00:57:25]} {[%emt 00:00:43]}
69. Ke4 {[%clk 00:26:55]} {[%emt 00:00:39]} Re8+ {[%clk 00:57:31]} {[%emt
00:00:28]} 70. Kf5 {[%clk 00:26:31]} {[%emt 00:00:53]} Kd2 {[%clk 00:57:45]}
{[%emt 00:00:16]} 71. Rd6 {[%clk 00:26:34]} {[%emt 00:00:27]} Rf8+ {[%clk
00:57:56]} {[%emt 00:00:20]} 72. Rf6 {[%clk 00:26:47]} {[%emt 00:00:17]} Rh8
{[%clk 00:57:59]} {[%emt 00:00:26]} 73. Rd6 {[%clk 00:26:53]} {[%emt 00:00:25]}
Ke3 {[%clk 00:58:18]} {[%emt 00:00:12]} 74. Re6+ {[%clk 00:27:00]} {[%emt
00:00:23]} Kf3 {[%clk 00:58:33]} {[%emt 00:00:15]} 75. Rg6 {[%clk 00:26:34]}
{[%emt 00:00:57]} Nf4 {[%clk 00:58:30]} {[%emt 00:00:32]} 76. Rg5 {[%clk
00:26:08]} {[%emt 00:00:55]} Ra8 {[%clk 00:58:34]} {[%emt 00:00:26]} 77. Rg1
{[%clk 00:26:02]} {[%emt 00:00:34]} Rf8+ {[%clk 00:57:32]} {[%emt 00:01:34]}
78. Ke5 {[%clk 00:26:14]} {[%emt 00:00:18]} Nd3+ {[%clk 00:57:05]} {[%emt
00:00:57]} 79. Kd5 {[%clk 00:26:03]} {[%emt 00:00:39]} Nf4+ {[%clk 00:57:20]}
{[%emt 00:00:17]} 80. Ke5 {[%clk 00:26:06]} {[%emt 00:00:27]} Nh3 {[%clk
00:57:14]} {[%emt 00:00:37]} 81. Ra1 {[%clk 00:26:14]} {[%emt 00:00:21]} Kg4
{[%clk 00:57:15]} {[%emt 00:00:29]} 82. Ra6 {[%clk 00:26:00]} {[%emt 00:00:42]}
Rf5+ {[%clk 00:57:06]} {[%emt 00:00:42]} 83. Kd4 {[%clk 00:26:00]} {[%emt
00:00:29]} Kf4 {[%emt 00:00:40]} 84. Re6 {[%clk 00:26:03]} Ng5 {[%clk
00:57:30]} {[%emt 00:00:23]} 85. Re8 {[%clk 00:25:33]} {[%emt 00:00:59]} Nf3+
{[%clk 00:57:44]} {[%emt 00:00:16]} 86. Kc4 {[%clk 00:25:31]} {[%emt 00:00:29]}
Ne5+ {[%clk 00:58:01]} {[%emt 00:00:17]} 87. Kd4 {[%clk 00:25:36]} {[%emt
00:00:25]} Ng6 {[%clk 00:57:56]} {[%emt 00:00:35]} 88. Re1 {[%clk 00:25:30]}
{[%emt 00:00:36]} Nh4 {[%clk 00:57:27]} {[%emt 00:00:59]} 1/2-1/2

[Event "DEM U12 2021"]
[Site "Willingen GER"]
[Date "2021.08.29"]
[Round "9"]
[White "Lu, Yunong Elias"]
[Black "Jahnz, Laurin"]
[Result "0-1"]
[Termination "normal"]
[Board "8"]
[WhiteElo "1557"]
[BlackElo "1546"]
[WhiteClock "00:34:16"]
[BlackClock "00:52:50"]
[PlyCount "142"]
[WhiteFideId "16276426"]
[BlackFideId "16261089"]
[EventCountry "GER"]
[EventRounds "9"]
[EventType "swiss"]
[EventDate "2021.08.22"]

1. e4 {[%clk 01:30:56]} {[%emt 00:00:04]} e5 {[%clk 01:30:57]} {[%emt
00:00:04]} 2. Nf3 {[%clk 01:31:02]} {[%emt 00:00:23]} Nc6 {[%clk 01:31:24]}
{[%emt 00:00:04]} 3. Bb5 {[%clk 01:30:46]} {[%emt 00:00:46]} a6 {[%clk
01:31:50]} {[%emt 00:00:05]} 4. Ba4 {[%clk 01:30:23]} {[%emt 00:00:53]} Nf6
{[%clk 01:32:13]} {[%emt 00:00:06]} 5. d3 {[%clk 01:30:19]} {[%emt 00:00:34]}
d6 {[%clk 01:32:39]} {[%emt 00:00:04]} 6. c3 {[%clk 01:27:49]} {[%emt
00:03:00]} g6 {[%clk 01:32:50]} {[%emt 00:00:19]} 7. h3 {[%clk 01:27:47]}
{[%emt 00:00:32]} Bg7 {[%clk 01:33:09]} {[%emt 00:00:10]} 8. O-O {[%clk
01:21:02]} {[%emt 00:07:16]} O-O {[%clk 01:32:49]} {[%emt 00:00:50]} 9. Be3
{[%clk 01:19:13]} {[%emt 00:02:18]} b5 {[%clk 01:32:59]} {[%emt 00:00:21]} 10.
Bc2 {[%clk 01:18:59]} {[%emt 00:00:45]} Bb7 {[%clk 01:33:12]} {[%emt 00:00:16]}
11. a4 {[%clk 01:17:44]} {[%emt 00:01:45]} Re8 {[%clk 01:31:09]} {[%emt
00:02:33]} 12. b4 {[%clk 01:11:11]} {[%emt 00:07:03]} d5 {[%clk 01:20:18]}
{[%emt 00:11:21]} 13. axb5 {[%clk 01:01:08]} {[%emt 00:10:33]} axb5 {[%clk
01:20:35]} {[%emt 00:00:13]} 14. Na3 {[%clk 01:00:39]} {[%emt 00:00:59]} dxe4
{[%clk 01:20:31]} {[%emt 00:00:34]} 15. dxe4 {[%clk 01:00:57]} {[%emt
00:00:13]} Ba6 {[%clk 01:16:49]} {[%emt 00:04:12]} 16. Qe2 {[%clk 00:57:20]}
{[%emt 00:04:05]} Rb8 {[%clk 01:04:40]} {[%emt 00:12:40]} 17. Rfd1 {[%clk
00:46:43]} {[%emt 00:11:07]} Qc8 {[%clk 01:04:58]} {[%emt 00:00:12]} 18. Bc5
{[%clk 00:43:50]} {[%emt 00:03:22]} Bf8 {[%clk 01:00:29]} {[%emt 00:04:59]} 19.
Bxf8 {[%clk 00:42:43]} {[%emt 00:01:35]} Kxf8 {[%clk 00:58:30]} {[%emt
00:02:31]} 20. Bb3 {[%clk 00:33:55]} {[%emt 00:09:19]} Qb7 {[%clk 00:53:48]}
{[%emt 00:05:12]} 21. Nc2 {[%clk 00:26:58]} {[%emt 00:07:27]} Rbd8 {[%clk
00:47:28]} {[%emt 00:06:50]} 22. Nce1 {[%clk 00:18:14]} {[%emt 00:09:14]} Rxd1
{[%clk 00:44:27]} {[%emt 00:03:31]} 23. Rxd1 {[%clk 00:15:32]} {[%emt
00:03:09]} Nb8 {[%clk 00:44:19]} {[%emt 00:00:41]} 24. Nd2 {[%clk 00:10:55]}
{[%emt 00:18:44]} Qc6 {[%clk 00:44:32]} 25. Qe3 {[%clk 00:10:24]} Kg7 {[%clk
00:44:53]} 26. f3 {[%clk 00:09:59]} Nbd7 {[%clk 00:42:38]} 27. Nf1 {[%clk
00:07:08]} Qb6 {[%clk 00:39:54]} 28. Qxb6 {[%clk 00:06:34]} Nxb6 {[%clk
00:40:20]} 29. Kf2 {[%clk 00:06:06]} {[%emt 00:00:13]} Bb7 {[%clk 00:39:53]}
{[%emt 00:00:54]} 30. Ne3 {[%clk 00:04:45]} {[%emt 00:01:51]} Ra8 {[%clk
00:39:43]} {[%emt 00:00:40]} 31. Nd3 {[%clk 00:05:06]} {[%emt 00:00:10]} Nfd7
{[%clk 00:39:51]} {[%emt 00:00:21]} 32. Nc2 {[%clk 00:04:46]} {[%emt 00:00:50]}
Na4 {[%clk 00:38:45]} {[%emt 00:01:37]} 33. Nb2 {[%clk 00:03:21]} {[%emt
00:01:54]} Nab6 {[%clk 00:38:50]} {[%emt 00:00:24]} 34. Nd3 {[%clk 00:03:28]}
{[%emt 00:00:24]} Na4 {[%clk 00:39:13]} {[%emt 00:00:07]} 35. Nb2 {[%clk
00:03:31]} {[%emt 00:00:27]} Nab6 {[%clk 00:39:37]} {[%emt 00:00:06]} 36. c4
{[%clk 00:03:07]} {[%emt 00:00:54]} bxc4 {[%clk 00:37:31]} {[%emt 00:02:36]}
37. Nxc4 {[%clk 00:03:19]} {[%emt 00:00:17]} Ba6 {[%clk 00:34:57]} {[%emt
00:03:03]} 38. Nxb6 {[%clk 00:03:10]} {[%emt 00:00:40]} Nxb6 {[%clk 00:35:20]}
{[%emt 00:00:07]} 39. Ne3 {[%clk 00:03:19]} {[%emt 00:00:22]} c6 {[%clk
00:33:08]} {[%emt 00:02:42]} 40. Rd6 {[%clk 00:02:05]} {[%emt 00:01:44]} Bb5
{[%clk 00:33:06]} {[%emt 00:00:32]} 41. Kg3 {[%clk 00:01:18]} {[%emt 00:01:17]}
Ra3 {[%clk 00:31:34]} {[%emt 00:02:02]} 42. Bc4 {[%clk 00:00:31]} {[%emt
00:01:18]} Nxc4 {[%clk 00:31:54]} {[%emt 00:00:10]} 43. Nxc4 {[%clk 00:00:56]}
{[%emt 00:00:05]} Bxc4 {[%clk 00:32:20]} {[%emt 00:00:05]} 44. Rxc6 {[%clk
00:01:20]} {[%emt 00:00:05]} Bf1 {[%clk 00:32:32]} {[%emt 00:00:17]} 45. Rc1
{[%clk 00:01:37]} {[%emt 00:00:14]} Bd3 {[%clk 00:32:50]} {[%emt 00:00:11]} 46.
Rc5 {[%clk 00:30:21]} {[%emt 00:01:46]} Bxe4 {[%clk 01:00:50]} {[%emt
00:02:31]} 47. Rxe5 {[%clk 00:30:35]} {[%emt 00:00:16]} Bb7 {[%clk 01:01:06]}
{[%emt 00:00:13]} 48. h4 {[%clk 00:30:39]} {[%emt 00:00:27]} h5 {[%clk
01:00:37]} {[%emt 00:00:59]} 49. Kf4 {[%clk 00:29:22]} {[%emt 00:01:48]} Bc6
{[%clk 00:52:21]} {[%emt 00:08:43]} 50. Rc5 {[%clk 00:29:15]} {[%emt 00:00:40]}
Ba8 {[%clk 00:52:38]} {[%emt 00:00:12]} 51. Rb5 {[%clk 00:28:39]} {[%emt
00:01:06]} Rc3 {[%clk 00:49:40]} {[%emt 00:03:28]} 52. Rc5 {[%clk 00:27:58]}
{[%emt 00:01:12]} Rxc5 {[%clk 00:48:34]} {[%emt 00:01:36]} 53. bxc5 {[%clk
00:28:26]} {[%emt 00:00:02]} Kf6 {[%clk 00:48:57]} {[%emt 00:00:07]} 54. g4
{[%clk 00:28:43]} {[%emt 00:00:12]} Bb7 {[%clk 00:49:13]} {[%emt 00:00:14]} 55.
Kg3 {[%clk 00:28:34]} {[%emt 00:00:39]} Ke6 {[%clk 00:47:05]} {[%emt 00:02:38]}
56. f4 {[%clk 00:28:31]} {[%emt 00:00:33]} f5 {[%clk 00:47:31]} {[%emt
00:00:04]} 57. gxh5 {[%clk 00:28:52]} {[%emt 00:00:09]} gxh5 {[%clk 00:47:57]}
{[%emt 00:00:05]} 58. Kf2 {[%clk 00:29:16]} {[%emt 00:00:06]} Kd5 {[%clk
00:48:16]} {[%emt 00:00:11]} 59. c6 {[%clk 00:29:39]} {[%emt 00:00:07]} Bxc6
{[%clk 00:48:43]} {[%emt 00:00:04]} 60. Ke3 {[%clk 00:30:05]} {[%emt 00:00:03]}
Kc4 {[%clk 00:49:02]} {[%emt 00:00:11]} 61. Kf2 {[%clk 00:30:16]} {[%emt
00:00:45]} Kd4 {[%clk 00:49:26]} {[%emt 00:00:05]} 62. Kg3 {[%clk 00:30:38]}
{[%emt 00:00:08]} Ke3 {[%clk 00:49:50]} {[%emt 00:00:06]} 63. Kh2 {[%clk
00:31:04]} {[%emt 00:00:05]} Kxf4 {[%clk 00:50:12]} {[%emt 00:00:08]} 64. Kh3
{[%clk 00:31:27]} {[%emt 00:00:06]} Bf3 {[%clk 00:50:29]} {[%emt 00:00:13]} 65.
Kh2 {[%clk 00:31:51]} {[%emt 00:00:06]} Kg4 {[%clk 00:50:54]} {[%emt 00:00:05]}
66. Kg1 {[%clk 00:32:06]} {[%emt 00:00:15]} Kg3 {[%clk 00:51:15]} {[%emt
00:00:09]} 67. Kf1 {[%clk 00:32:33]} {[%emt 00:00:02]} f4 {[%clk 00:51:39]}
{[%emt 00:00:06]} 68. Kg1 {[%clk 00:33:00]} {[%emt 00:00:03]} Be2 {[%clk
00:52:03]} {[%emt 00:00:06]} 69. Kh1 {[%clk 00:33:22]} {[%emt 00:00:08]} f3
{[%clk 00:52:29]} {[%emt 00:00:04]} 70. Kg1 {[%clk 00:33:51]} {[%emt 00:00:01]}
f2+ {[%clk 00:52:54]} {[%emt 00:00:05]} 71. Kh1 {[%clk 00:34:16]} {[%emt
00:00:04]} Bf3# {[%clk 00:52:50]} {[%emt 00:00:03]} 0-1

[Event "DEM U12 2021"]
[Site "Willingen GER"]
[Date "2021.08.29"]
[Round "9"]
[White "Herrmann, Jakob"]
[Black "Goldmann, David"]
[Result "0-1"]
[Termination "normal"]
[Board "9"]
[WhiteElo "1531"]
[BlackElo "1629"]
[WhiteClock "00:13:35"]
[BlackClock "00:56:50"]
[PlyCount "68"]
[WhiteFideId "16287169"]
[BlackFideId "16268920"]
[EventCountry "GER"]
[EventRounds "9"]
[EventType "swiss"]
[EventDate "2021.08.22"]

1. d4 {[%clk 01:30:55]} {[%emt 00:00:05]} d5 {[%clk 01:30:52]} {[%emt
00:00:08]} 2. c4 {[%clk 01:31:19]} {[%emt 00:00:05]} e6 {[%clk 01:31:12]}
{[%emt 00:00:10]} 3. Nc3 {[%clk 01:31:45]} {[%emt 00:00:05]} c5 {[%clk
01:31:37]} {[%emt 00:00:05]} 4. cxd5 {[%clk 01:32:09]} {[%emt 00:00:05]} exd5
{[%clk 01:32:01]} {[%emt 00:00:07]} 5. Nf3 {[%clk 01:32:34]} {[%emt 00:00:05]}
Nc6 {[%clk 01:32:24]} {[%emt 00:00:07]} 6. g3 {[%clk 01:32:57]} {[%emt
00:00:07]} Nf6 {[%clk 01:32:46]} {[%emt 00:00:08]} 7. Bg2 {[%clk 01:33:21]}
{[%emt 00:00:06]} Be7 {[%clk 01:33:09]} {[%emt 00:00:07]} 8. O-O {[%clk
01:33:43]} {[%emt 00:00:08]} O-O {[%clk 01:33:33]} {[%emt 00:00:06]} 9. Bg5
{[%clk 01:34:09]} {[%emt 00:00:04]} c4 {[%clk 01:33:58]} {[%emt 00:00:05]} 10.
Ne5 {[%clk 01:20:25]} {[%emt 00:14:14]} Be6 {[%clk 01:34:17]} {[%emt 00:00:10]}
11. Nxc6 {[%clk 01:17:04]} {[%emt 00:03:52]} bxc6 {[%clk 01:34:42]} {[%emt
00:00:05]} 12. b3 {[%clk 01:14:44]} {[%emt 00:02:50]} Qa5 {[%clk 01:31:10]}
{[%emt 00:04:02]} 13. Qc2 {[%clk 01:11:23]} {[%emt 00:03:51]} cxb3 {[%clk
01:28:07]} {[%emt 00:03:32]} 14. axb3 {[%clk 01:05:11]} {[%emt 00:06:42]} Qb6
{[%clk 01:25:52]} {[%emt 00:02:46]} 15. Ra4 {[%clk 00:57:04]} {[%emt 00:08:37]}
Rab8 {[%clk 01:22:09]} {[%emt 00:04:12]} 16. Bf4 {[%clk 00:45:22]} {[%emt
00:12:12]} Rb7 {[%clk 01:19:31]} {[%emt 00:03:08]} 17. Rfa1 {[%clk 00:44:27]}
{[%emt 00:01:26]} Bd7 {[%clk 01:15:55]} {[%emt 00:04:06]} 18. Nd1 {[%clk
00:36:50]} {[%emt 00:08:06]} Ra8 {[%clk 01:13:42]} {[%emt 00:02:43]} 19. Bf3
{[%clk 00:28:20]} {[%emt 00:09:01]} h6 {[%clk 01:10:28]} {[%emt 00:03:43]} 20.
Be5 {[%clk 00:25:58]} {[%emt 00:02:52]} g6 {[%clk 01:06:39]} {[%emt 00:04:19]}
21. Ra6 {[%clk 00:25:17]} {[%emt 00:01:12]} Qb4 {[%clk 00:58:54]} {[%emt
00:08:15]} 22. R1a4 {[%clk 00:25:03]} {[%emt 00:00:44]} Qe1+ {[%clk 00:58:32]}
{[%emt 00:00:51]} 23. Kg2 {[%clk 00:25:22]} {[%emt 00:00:11]} g5 {[%clk
00:57:44]} {[%emt 00:01:19]} 24. Ne3 {[%clk 00:17:23]} {[%emt 00:08:29]} g4
{[%clk 00:57:38]} {[%emt 00:00:36]} 25. Ra1 {[%clk 00:17:41]} {[%emt 00:00:12]}
gxf3+ {[%clk 00:58:02]} {[%emt 00:00:06]} 26. exf3 {[%clk 00:18:09]} Qb4 {[%clk
00:58:02]} {[%emt 00:00:29]} 27. R1a4 {[%clk 00:18:33]} {[%emt 00:00:07]} Qxb3
{[%clk 00:57:29]} {[%emt 00:01:02]} 28. Qxb3 {[%clk 00:18:58]} {[%emt
00:00:06]} Rxb3 {[%clk 00:57:48]} {[%emt 00:00:11]} 29. Rxa7 {[%clk 00:19:24]}
{[%emt 00:00:05]} Rd8 {[%clk 00:57:37]} {[%emt 00:00:40]} 30. Bc7 {[%clk
00:18:26]} {[%emt 00:01:28]} Re8 {[%clk 00:57:36]} {[%emt 00:00:31]} 31. Be5
{[%clk 00:17:44]} {[%emt 00:01:12]} Be6 {[%clk 00:57:30]} {[%emt 00:00:37]} 32.
f4 {[%clk 00:17:02]} {[%emt 00:01:12]} Ng4 {[%clk 00:56:49]} {[%emt 00:01:09]}
33. Nxg4 {[%clk 00:16:40]} {[%emt 00:00:52]} Bxg4 {[%clk 00:57:12]} {[%emt
00:00:08]} 34. Rc7 {[%clk 00:13:35]} {[%emt 00:03:36]} f6 {[%clk 00:56:50]}
{[%emt 00:00:51]} 0-1